000 00251nam a2200097Ia 4500
001 642520
005 20250826153528.0
008 250824s9999 xx 000 0 und d
245 0 _aVANYA DAYI ANTİK
_cANTON ÇEHOV
260 _bANTİK DÜNYA KLASİKLERİ
999 _c642520
_d642520